| 000 | 00444pab a2200169 454500 | ||
|---|---|---|---|
| 008 | 180718b2012 xxu||||| |||| 00| 0 eng d | ||
| 100 | _aBasu, Prabeer Kumar | ||
| 245 | _aIndian agriculture prepares itself for a new phase: Focused interventions start paying | ||
| 260 | _c2012 | ||
| 300 | _ap.21-23. | ||
| 362 | _aJul | ||
| 650 | _aAgriculture - India | ||
| 650 | _aAgriculture | ||
| 773 | _aKurukshetra | ||
| 908 | _aN | ||
| 909 | _a96848 | ||
| 999 |
_c96848 _d96848 |
||